| 000 | 00639cam a22002411 4500 | ||
|---|---|---|---|
| 001 | 8895 | ||
| 003 | BD-RjUL | ||
| 005 | 20211208234656.0 | ||
| 008 | 140119s1959 enk 000 0 eng | ||
| 035 | _a(BD-RjUL)8940 | ||
| 035 | _a(OCoLC)3534813 | ||
| 040 |
_aDLC _cGAT _dBD-RjUL _beng |
||
| 041 | _aeng | ||
| 082 | 0 | 0 |
_a621.38151 _bBOM 1959 |
| 100 | 1 |
_aBooth, Alfred Ernest, _d1934- _927654 |
|
| 245 | 1 | 0 |
_aMicrowave data tables / _cAlfred Ernest Booth. |
| 260 |
_aLondon : _bIliffe, _cc1959. |
||
| 300 |
_a61 p. ; _c26 cm. |
||
| 650 | 0 |
_aMicrowaves _xTables. _927655 |
|
| 942 |
_2ddc _cBK |
||
| 999 |
_c8895 _d8895 |
||